000 00692nam a2200205 a 4500
005 20250905064000.0
008 991125s1967 mx 000 0 spa u
035 _aUPN01000031456
049 _aCG
050 4 _aHM221
_bI5.78
245 0 3 _aLa innovación tecnológica y la sociedad /
_ccomp. Dean Morse ; tr. José Meza Nieto.
260 _aMéxico :
_bUTEHA,
_c1967.
300 _a279 p.
440 0 _aManuales UTEHA ;
_v357 doble.
_pSección 14.
_pCiencias sociales
534 _pTraducción de:
_tTechnological innovation and society
650 4 _aTECNOLOGIA -
_xASPECTOS SOCIALES
_917869
650 4 _aInnovaciones tecnológicas
_98196
700 1 _aMorse, Dean,
_ecomp.
905 _aLibro
999 _c31456
_d31456